| 000 | 01700nam a2200469Ii 4500 | ||
|---|---|---|---|
| 001 | DIGLINK00707 | ||
| 003 | NyNyDIG | ||
| 006 | m o d | ||
| 007 | cr ||||||||||| | ||
| 008 | 140201s2011 sp o 000 0 spa d | ||
| 020 |
_a9788499533544 _q(eBook) |
||
| 020 | _z9788496290860 | ||
| 040 |
_aDGITA _beng _epn _cDGITA |
||
| 043 |
_an------ _as------ _ae-sp--- |
||
| 050 | 1 | 4 | _aE125.N9 eBook |
| 100 | 1 |
_aNúñez Cabeza de Vaca, Alvar, _dactive 16th century. |
|
| 240 | 1 | 0 | _aRelación y comentarios. |
| 245 | 1 | 0 |
_aNaufragios / _cAlvar Núñez Cabeza de Vaca |
| 264 | 1 |
_aBarcelona : _bwww.Linkgua.com, _c2011. |
|
| 300 | _a1 online resource (90 pages) | ||
| 336 |
_atext _btxt _2rdacontent |
||
| 337 |
_acomputer _bc _2rdamedia |
||
| 338 |
_aonline resource _bcr _2rdacarrier |
||
| 490 | 1 | _aDiferencias. | |
| 500 | _aOriginally published in 1542 as La relación, and popularly known as Los naufragios. | ||
| 600 | 1 | 0 |
_aNuñez Cebeza de Vaca, Alvar, _d16th cent. |
| 650 | 0 |
_aExplorers _zAmerica _vBiography. |
|
| 650 | 0 |
_aExplorers _zSpain _vBiography. |
|
| 650 | 0 | _aIndians of North America. | |
| 651 | 0 |
_aAmerica _xDiscovery and exploration _xSpanish. |
|
| 651 | 0 |
_aAmerica _xEarly accounts to 1600. |
|
| 651 | 0 |
_aSouthwestern States _xDescription and travel. |
|
| 651 | 0 |
_aParaguay _xHistory _yTo 1811. |
|
| 651 | 0 |
_aArgentina _xHistory _y1535-1617 |
|
| 655 | 0 | _aElectronic books. | |
| 791 | 2 |
_aDigitalia (Firm), _edistributor. |
|
| 830 | 0 | _aDiferencias (Linkgua Ediciones) | |
| 793 | 0 |
_gDigitalia eBook Collection: _aLinkgua. |
|
| 856 | 4 | 0 |
_3Digitalia Hispánica _uhttps://www.digitaliapublishing.com/a/16698/ |
| 910 | _aPremium Collection: 2007-2012 | ||
| 942 | _cRAA | ||
| 999 |
_c234947 _d234947 |
||